Catholic University of Zimbabwe Library
Online Public Access Catalogue
(OPAC)

Programming Fundamentals - A Modular Structured Approach using C++ (Record no. 19571)

MARC details
000 -LEADER
fixed length control field 03219nam a2200373 4500
001 - CONTROL NUMBER
control field OTLid0000144
003 - CONTROL NUMBER IDENTIFIER
control field MnU
005 - DATE AND TIME OF LATEST TRANSACTION
control field 20201105133300.0
006 - FIXED-LENGTH DATA ELEMENTS--ADDITIONAL MATERIAL CHARACTERISTICS
fixed length control field m o d s
008 - FIXED-LENGTH DATA ELEMENTS--GENERAL INFORMATION
fixed length control field 180907s2013 mnu o 0 0 eng d
020 ## - INTERNATIONAL STANDARD BOOK NUMBER
International Standard Book Number
040 ## - CATALOGING SOURCE
Original cataloging agency MnU
Language of cataloging eng
Transcribing agency MnU
050 #4 - LIBRARY OF CONGRESS CALL NUMBER
Classification number QA76
050 #4 - LIBRARY OF CONGRESS CALL NUMBER
Classification number QA76
100 1# - MAIN ENTRY--PERSONAL NAME
Personal name Busbee, Kenneth Leroy
Relator term author
245 00 - TITLE STATEMENT
Title Programming Fundamentals - A Modular Structured Approach using C++
Statement of responsibility, etc. Kenneth Busbee
264 #2 - PRODUCTION, PUBLICATION, DISTRIBUTION, MANUFACTURE, AND COPYRIGHT NOTICE
Name of producer, publisher, distributor, manufacturer Open Textbook Library
264 #1 - PRODUCTION, PUBLICATION, DISTRIBUTION, MANUFACTURE, AND COPYRIGHT NOTICE
Name of producer, publisher, distributor, manufacturer OpenStax CNX
300 ## - PHYSICAL DESCRIPTION
Extent 1 online resource
490 0# - SERIES STATEMENT
Series statement Open textbook library.
505 0# - FORMATTED CONTENTS NOTE
Formatted contents note 1. Introduction to Programming -- 2. Program Planning & Design -- 3. Data & Operators -- 4. Often Used Data Types -- 5. Integrated Development Environment -- 6. Program Control Functions -- 7. Specific Task Functions -- 8. Standard Libraries -- 9. Character Data, Sizeof, Typedef, Sequence -- 10. Introduction to Structured Programming -- 11. Two Way Selection -- 12. Multiway Selection -- 13. Test After Loops -- 14. Test Before Loops -- 15. Counting Loops -- 16. String Class, Unary Positive and Negative -- 17. Conditional Operator and Recursion -- 18. Introduction to Arrays -- 19. File I/O and Array Functions -- 20. More Array Functions -- 21. More on Typedef -- 22. Pointers -- 23. More Arrays & Compiler Directives -- 24. OOP & HPC
520 0# - SUMMARY, ETC.
Summary, etc. Programming Fundamentals - A Modular Structured Approach using C++ is written by Kenneth Leroy Busbee, a faculty member at Houston Community College in Houston, Texas. The materials used in this textbook/collection were developed by the author and others as independent modules for publication within the Connexions environment. Programming fundamentals are often divided into three college courses: Modular/Structured, Object Oriented and Data Structures. This textbook/collection covers the first of those three courses. The learning modules of this textbook/collection were written as standalone modules. Students using a collection of modules as a textbook will usually view it contents by reading the modules sequentially as presented by the author of the collection. The learning modules of this textbook/collection were, for the most part, written without consideration of a speci??c programming language. In many cases the C++ language is discussed as part of the explanation of the concept. Often the examples used for C++ are exactly the same for the Java programming language. However, some modules were written speci??cally for the C++ programming language. This could not beavoided as the C++ language is used in conjunction with this textbook/collection by the author in teaching college courses.
542 1# - INFORMATION RELATING TO COPYRIGHT STATUS
Copyright statement Attribution
546 ## - LANGUAGE NOTE
Language note In English.
588 0# - SOURCE OF DESCRIPTION NOTE
Source of description note Description based on online resource
650 #0 - SUBJECT ADDED ENTRY--TOPICAL TERM
Topical term or geographic name entry element Computer Science
Form subdivision Textbooks
650 #0 - SUBJECT ADDED ENTRY--TOPICAL TERM
Topical term or geographic name entry element Programming Languages
Form subdivision Textbooks
710 2# - ADDED ENTRY--CORPORATE NAME
Corporate name or jurisdiction name as entry element Open Textbook Library
Relator term distributor
856 40 - ELECTRONIC LOCATION AND ACCESS
Uniform Resource Identifier <a href="https://open.umn.edu/opentextbooks/textbooks/144">https://open.umn.edu/opentextbooks/textbooks/144</a>
Public note Access online version
Holdings
Withdrawn status Lost status Source of classification or shelving scheme Damaged status Not for loan Home library Shelving location Date acquired Total Checkouts Full call number Date last seen Uniform Resource Identifier Price effective from Koha item type
          Digital Library Online Access 05.11.2020   QA76 05.11.2020 https://open.umn.edu/opentextbooks/textbooks/144 05.11.2020 eBook

OPENING HOURS

Weekdays: 0815hrs - 1800hrs
Weekends:0900hrs - 1200hrs

Closed for Mass:

Mon, Thur: 1200hrs - 1300hrs
Sunday & Public Holiday’s

CALL SUPPORT

0242-570570, 0242-570169
09200664, +263 8644140602

LOCATION

18443, Cranborne Avenue, Hatfield, Harare

Other Links


©2021 | CUZ Library